| 000 | 00495 a2200181 4500 | ||
|---|---|---|---|
| 999 |
_c12019 _d12019 |
||
| 003 | OSt | ||
| 005 | 20231117124136.0 | ||
| 008 | 231117b ||||| |||| 00| 0 eng d | ||
| 020 | _a9788862423571 | ||
| 040 | _aBMSCA | ||
| 041 | _aeng. | ||
| 082 |
_223 _a720 _bPOT |
||
| 100 | _aKobe, Jurij | ||
| 245 | _aLjubljana, A City By Heart: Joze Plecnik'S Legacy And Contemporary Architecture | ||
| 260 |
_bLettera Ventidue Edizione: _c2020, |
||
| 300 |
_a159P.; _c17.2 x 1.5 x 24.3 cm |
||
| 942 | _2ddc | ||